| 000 | 00927nam a22002177a 4500 | ||
|---|---|---|---|
| 999 |
_c3516 _d3516 |
||
| 003 | AR-CdUCM | ||
| 008 | 190306b ||||| |||| 00| 0 spa d | ||
| 040 |
_aMUNICIPALIDAD PROVINCIAL DEL CUSCO _cBIBLIOTECA MUNICIPAL DEL CUSCO |
||
| 082 |
_a338.173491 / _bS29 |
||
| 100 |
_aScott, Gregory J _911534 |
||
| 245 |
_aMercados, mitos e intermediarios : _bComercialización de la papa en la zona central del Perú / |
||
| 260 |
_aLima : _bCentro de Investigación de la Universidad del Pacífico, _c1986. |
||
| 300 |
_a308 paginas , _c21 cm. |
||
| 505 | _aContenido :El enfoque histórico -- El enfoque tecnocratico -- La comercialización de la papa en Lima -- Los acopiadores rurales -- Los transportistas ... | ||
| 650 |
_aIndustria y comercio _96100 |
||
| 650 |
_aProducción y consumo _911535 |
||
| 650 |
_aPapas (Tubérculos) _911536 |
||
| 700 |
_aHare, Isabel (traductora) _911537 |
||
| 942 |
_2ddc _cLIBROS |
||
| 945 | _arum | ||